000 00416cam a22001337a 4500
008 180718b1956 xxu||||| |||| 00| 0 eng d
082 _aD11 D334
100 _aDayal, Harishwar
245 _aThe Organization of diplomatic and consular services
_cby Harishwar Dayal
260 _aDelhi
_bICWR
_c1956
300 _a14p.
500 _aReprint from India Qtly, July-Sept. 1956
650 _aDiplomatic and Consular Service
999 _c478958
_d478958